Modern Meta-Analysis (Post nr. 5451)

MARC-detaljer
000 -LEADER
fixed length control field 04116nam a22004095i 4500
001 - CONTROL NUMBER
control field 60441
005 - DATE AND TIME OF LATEST TRANSACTION
control field 20200226102504.0
007 - PHYSICAL DESCRIPTION FIXED FIELD--GENERAL INFORMATION
fixed length control field cr nn 008mamaa
008 - FIXED-LENGTH DATA ELEMENTS--GENERAL INFORMATION
fixed length control field 170502s2017 gw | s |||| 0|eng d
020 ## - INTERNATIONAL STANDARD BOOK NUMBER
International Standard Book Number 9783319558950
-- 978-3-319-55895-0
024 7# - OTHER STANDARD IDENTIFIER
Standard number or code 10.1007/978-3-319-55895-0
Source of number or code doi
035 ## - SYSTEM CONTROL NUMBER
System control number (DE-He213)978-3-319-55895-0
050 #4 - LIBRARY OF CONGRESS CALL NUMBER
Classification number R1
072 #7 - SUBJECT CATEGORY CODE
Subject category code MB
Source bicssc
072 #7 - SUBJECT CATEGORY CODE
Subject category code MED000000
Source bisacsh
082 04 - DEWEY DECIMAL CLASSIFICATION NUMBER
Classification number 610
Edition number 23
100 1# - MAIN ENTRY--PERSONAL NAME
Personal name Cleophas, Ton J.
Relator term author.
245 10 - TITLE STATEMENT
Title Modern Meta-Analysis
Medium [electronic resource] :
Remainder of title Review and Update of Methodologies /
Statement of responsibility, etc. by Ton J. Cleophas, Aeilko H. Zwinderman.
264 #1 - PRODUCTION, PUBLICATION, DISTRIBUTION, MANUFACTURE, AND COPYRIGHT NOTICE
Place of production, publication, distribution, manufacture Cham :
Name of producer, publisher, distributor, manufacturer Springer International Publishing :
-- Imprint: Springer,
Date of production, publication, distribution, manufacture, or copyright notice 2017.
300 ## - PHYSICAL DESCRIPTION
Extent XVI, 314 p. 246 illus., 63 illus. in color.
Other physical details online resource.
336 ## - CONTENT TYPE
Content type term text
Content type code txt
Source rdacontent
337 ## - MEDIA TYPE
Media type term computer
Media type code c
Source rdamedia
338 ## - CARRIER TYPE
Carrier type term online resource
Carrier type code cr
Source rdacarrier
347 ## - DIGITAL FILE CHARACTERISTICS
File type text file
Encoding format PDF
Source rda
505 0# - FORMATTED CONTENTS NOTE
Formatted contents note Preface -- Meta-Analysis in a Nutshell -- Mathematical Fram-ework -- Meta-Analysis and the Scientific Method -- Meta-Analysis and Random Effects Analysis -- Meta-Analysis Software Programs -- Meta-Analysis of Randomized Controlled Trials -- Meta-Analysis of Observational plus Randomized Studies -- Meta-Analysis of Observational Studies -- Meta-Regression -- Meta-Analysis of Diagnostic Studies -- Meta-Meta-Analyses -- Network Meta-Analysis -- Random Intercepts Meta-Analysis -- Probit Regression -- Meta-Analysis with General Loglinear Models -- Meta-Analysis with Variance Components -- Ensembled Correlation Coefficients -- Ensembled Accuracies -- Meta-Analyses with Multivariate Assessments -- Transforming Odds Ratios into Correlation Coefficients -- Meta-Analyses with Direct and Indirect Comparisons -- Contrast Coefficients Meta-Analysis -- Meta-Analysis with Evolutionary Operations.-.
520 ## - SUMMARY, ETC.
Summary, etc. Modern meta-analyses do more than combine the effect sizes of a series of similar studies. Meta-analyses are currently increasingly applied for any analysis beyond the primary analysis of studies, and for the analysis of big data. This 26-chapter book was written for nonmathematical professionals of medical and health care, in the first place, but, in addition, for anyone involved in any field involving scientific research. The authors have published over twenty innovative meta-analyses from the turn of the century till now. This edition will review the current state of the art, and will use for that purpose the methodological aspects of the authors' own publications, in addition to other relevant methodological issues from the literature. Are there alternative works in the field? Yes, there are, particularly in the field of psychology. Psychologists have invented meta-analyses in 1970, and have continuously updated methodologies. Although very interesting, their work, just like the whole discipline of psychology, is rather explorative in nature, and so is their focus to meta-analysis. Then, there is the field of epidemiologists. Many of them are from the school of angry young men, who publish shocking news all the time, and JAMA and other publishers are happy to publish it. The reality is, of course, that things are usually not as bad as they seem. Finally, some textbooks, written by professional statisticians, tend to use software programs with miserable menu programs and requiring lots of syntax to be learnt. This is prohibitive to clinical and other health professionals. The current edition is the first textbook in the field of meta-analysis entirely written by two clinical scientists, and it consists of many data examples and step by step analyses, mostly from the authors' own clinical research. .
650 #0 - SUBJECT ADDED ENTRY--TOPICAL TERM
Topical term or geographic name entry element Medicine.
650 14 - SUBJECT ADDED ENTRY--TOPICAL TERM
Topical term or geographic name entry element Medicine & Public Health.
650 24 - SUBJECT ADDED ENTRY--TOPICAL TERM
Topical term or geographic name entry element Medicine/Public Health, general.
700 1# - ADDED ENTRY--PERSONAL NAME
Personal name Zwinderman, Aeilko H.
Relator term author.
710 2# - ADDED ENTRY--CORPORATE NAME
Corporate name or jurisdiction name as entry element SpringerLink (Online service)
773 0# - HOST ITEM ENTRY
Title Springer eBooks
776 08 - ADDITIONAL PHYSICAL FORM ENTRY
Relationship information Printed edition:
International Standard Book Number 9783319558943
856 40 - ELECTRONIC LOCATION AND ACCESS
Uniform Resource Identifier <a href="http://dx.doi.org/10.1007/978-3-319-55895-0">http://dx.doi.org/10.1007/978-3-319-55895-0</a>
912 ## -
-- ZDB-2-SME

Inga exemplar finns tillgängliga.

Medicinska biblioteket, Karlskoga lasarett
Måndag och onsdag: 10.00-14.30, Lunchstängt 11.30-12.00.
Fredagar: 10.00-12.00.

Madelene Ribbing, bibliotekarie
Lena Mileraux, biblioteksassistent/administratör
0586-664 49
medbibl.kgalas@regionorebrolan.se




Medicinska biblioteket, Lindesbergs lasarett
Dörren till bibliotket är upplåst mellan 07-16:00 på vardagar.
Dörren i hisshallen är öppen måndag - tosdag 7.00 - 15.00. Fredagar stängt.

Bibliotekets bemanning:
Mån: självbetjäning
Tis, ons och tors: 10-15
Fre: självbetjäning

Madelene Ribbing, bibliotekarie
Telefon: 0581-853 11, 072-14 77 552
medbibl.lbglas@regionorebrolan.se